LEADER 01162nam2 2200277 450 001 9910217259703321 005 20170925133623.0 100 $a20170925d1870----km y0itay50 ba 101 0 $afre 102 $aFR 105 $aa 001yy 200 1 $a2.: Connaracées et Légumineuses-mimosées, Légumineuses-Caesalpiniées, Légumineuses-Papilionacées, Protéacées, Lauracées, ...$fpar H. Baillon 210 $aParis$cLibrairie Hachette et C.e$d1870 215 $a512 p.$cill.$d27 cm 461 0$10019910217260003321 610 0 $aBotanica sistematica 700 1$aBaillon,$bHenri Ernest$f<1827-1895>$069921 702 1$aFaguet,$bAdrienne 801 0$aIT$bUNINA$gRICA$2UNIMARC 856 4 $zVisualizza versione elettronica c/o Google books$uhttps://books.google.it/books?id=-fpNAAAAcAAJ&printsec=frontcover&hl=it&source=gbs_ge_summary_r&cad=0#v=onepage&q&f=false$e20170925 901 $aBK 912 $a9910217259703321 952 $aComes 2-2$bJ98$fDAGBO 959 $aDAGBO 996 $a2.: Connaracées et Légumineuses-mimosées, Légumineuses-Caesalpiniées, Légumineuses-Papilionacées, Protéacées, Lauracées, ..$91468345 997 $aUNINA LEADER 01682oam 2200469zu 450 001 996210684303316 005 20210803002259.0 035 $a(CKB)2560000000000841 035 $a(SSID)ssj0000370572 035 $a(PQKBManifestationID)11255130 035 $a(PQKBTitleCode)TC0000370572 035 $a(PQKBWorkID)10375666 035 $a(PQKB)10547884 035 $a(StDuBDS)EDZ0000072547 035 $a(EXLCZ)992560000000000841 100 $a20160829d2007 uy 101 0 $aeng 135 $aur||||||||||| 181 $ctxt 182 $cc 183 $acr 200 14$aThe Religion of the Mithras Cult in the Roman Empire: Mysteries of the Unconquered Sun 210 $aOxford $cOxford University Press$d2007 215 $a1 online resource (xiii, 285 p.) $cill 300 $aBibliographic Level Mode of Issuance: Monograph 311 08$aPrint version : 9780199216130 320 $aIncludes bibliographical references and index. 330 8 $aRobert Beck describes Mithraism from the point of view of the initiate, engaging with the religion and its rich symbolic system in thought, work, ritual action, and cult life. 517 $aThe religion of the Mithras cult in the Roman Empire: mysteries of the unconquered sun 531 $aRELIGION OF THE MITHRAS CULT IN THE ROMAN EMPIRE 606 $aMithraism 606 $aMithraism$zRome 607 $aRome$xReligion 615 0$aMithraism. 615 0$aMithraism 676 $a299.150937 700 $aBeck$b Roger$0167146 801 0$bPQKB 906 $aBOOK 912 $a996210684303316 996 $aThe religion of the Mithras cult in the Roman Empire$92654428 997 $aUNISA